000 00411nam a2200157Ia 4500
008 240729s9999 xx 000 0 und d
022 _a2333-3936
245 0 _aGlobal Qualitative Nursing Research
260 _aUnited States
260 _bSAGE Publishing
650 _a Nursing
650 _aMedicine
856 _uhttps://doaj.org/toc/927b44f23457464ab5a4e8f6025acb59
942 _2ddc
942 _cDOAJEJ
999 _c67671
_d67671
945 _a1
_bMadushi Gamage
_c1
_dMadushi Gamage